00727nam a22002057a 450000500170000000800440001702000150006102000150007605000220009110000290011324501030014225000110024526000570025630000220031350400210033550500670035665000350042370000290045870000340048720220830091145.0220830b mx ||||| |||| 00| 0 spa d a9684010478 a968401052404aKJV450 bP53 19831 aPlaniol, Marcel, eautor10aTratado elemental de derecho civil c/ Marcel Planiol, Georges Ripert ; tr. José Ma. Cajica, Jr. a1a ed. aMéxico : bCardenas Editor y Distribuidor, cc1983 a531 p. ; c23 cm. aIncluye índice1 gV.5.tTeoría general de los contratos. Contratos especiales. 72lemb aDerecho civil zfrancia1 aRipert, Georges, eautor1 aCajica, Jr., José M., etr.